Program pendidikan pelajar pintar cerdas : teori dan praktik

Bibliographic Details
Main Author: Nik Aziz Nik Pa
Format: Book
Published: Petaling Jaya : Dewan Pustaka Islam , 1991
Subjects:

MARC

LEADER 00000cam a2200000 7i4500
001 0000003830
002 000004129
005 .0
020 |a T000000320 
090 0 0 |a 371.95   |b NIK 
100 0 |a Nik Aziz Nik Pa 
245 1 0 |a Program pendidikan pelajar pintar cerdas :   |b teori dan praktik   |c Nik Aziz Nik Pa 
260 |a Petaling Jaya :   |b Dewan Pustaka Islam ,   |c 1991 
300 |a 203p. ;   |c 22cm. 
650 0 0 |a Gifted children   |x Education#   |a Special education 
999 |a 037027   |b BUKU   |c PINJAMAN   |e PERPUSTAKAAN KOMUNITI PETALING JAYA